000 00254nam a22001217a 4500
008 181203b xxu||||| |||| 00| 0 eng d
041 _aeng
080 _a701
100 _a44
101 _aART
245 _aGreat Painters
_cVentura,P
942 _2udc
_cBK
999 _c52712
_d52712